| 000 | 00694nam a2200193Ia 4500 | ||
|---|---|---|---|
| 003 | GCL | ||
| 005 | 20240530102111.0 | ||
| 008 | 140319s9999 xx 000 0 ara d | ||
| 040 |
_aGCL / _cGCL |
||
| 082 | 0 | 4 |
_a924.1 _b2 |
| 100 | 1 | _aعبدالله الحسينى هلال | |
| 245 | 1 | 0 |
_aابن يسعون النحوى حياته واراؤه مع دراسة كتابة المصباح فى شرح ابيات الايضاح / _cعبدالله الحسينى هلال |
| 260 |
_a[S.N] : _bمطبعة ابناء وهبة حسان ، _c1989 |
||
| 300 | _a367 ص | ||
| 650 | 0 | 4 | _aالنحو |
| 650 | 0 | 4 | _aاللغة العربية |
| 650 | 0 | 4 | _aابن يسعون النحوى |
| 942 |
_2ddc _cBK |
||
| 999 |
_c29824 _d29824 |
||